Výživa a hnojenie rastlín

Saved in:
Bibliographic Details
Format: Book
Language:Slovak
Published: Bratislava Príroda 1984
Edition:2. preprac. a dopln. vyd.
Tags: Add Tag
No Tags, Be the first to tag this record!

MARC

LEADER 00000nam a2200000 4500
001 c113639
005 20250714114458.5
041 0 |a slo 
044 |a SK 
245 1 0 |a Výživa a hnojenie rastlín  |c Jozef Ivanič, Bohumil Havelka, Karel Knop 
250 |a 2. preprac. a dopln. vyd. 
264 1 |a Bratislava  |b Príroda  |c 1984 
300 |a 482 s.